[Event "World ol U16 06th"]
[Site "Singapore"]
[Date "2007.08.07"]
[Round "4"]
[White "Thilaganathan, Jessica"]
[Black "Tan, Weiliang"]
[Result "1-0"]
[WhiteElo "1917"]
[BlackElo "1961"]
[PlyCount "115"]
[EventDate "2007.08.05"]
[EventType "team-swiss"]
[EventRounds "10"]
[EventCountry "SIN"]
[SourceTitle "EXT 2008"]
[Source "ChessBase"]
[SourceDate "2007.11.25"]
[SourceVersion "1"]
[SourceVersionDate "2007.11.25"]
[SourceQuality "1"]

1. d4 Nf6 2. Nf3 c5 3. d5 g6 4. c4 Bg7 5. Nc3 d6 6. g3 0-0 7. Bg2 a6 8. 0-0 Bg4 9. h3 Bxf3 10. Bxf3 Nbd7 11. e4 Qc7 12. Bf4 Rab8 13. Be2 Ne8 14. Qc2 h6 15. Rfd1 Qc8 16. Kg2 Nc7 17. a4 Qe8 18. Be3 e5 19. Bd3 g5 20. Qe2 Qe7 21. Rh1 Nf6 22. f3 Qd7 23. Rh2 Nce8 24. Rah1 b6 25. g4 Nh7 26. h4 f6 27. Qd2 Rf7 28. Ne2 Qxa4 29. Qc3 Bf8 30. Ng3 Rbb7 31. Nf5 Qd7 32. Qd2 b5 33. hxg5 hxg5 34. b3 Ra7 35. Kg3 bxc4 36. Bxc4 a5 37. Qd3 Nc7 38. Qd2 Ne8 39. Qd3 Nc7 40. Qe2 a4 41. Ra1 Qe8 42. Ra3 Qb8 43. Qd1 axb3 44. Rxa7 Qxa7 45. Qxb3 Qa1 46. Qb8 Rd7 47. Qc8 Qa4 48. Ba2 Na6 49. Bb3 Qb5 50. Bc4 Qb7 51. Qxb7 Rxb7 52. Bxa6 Rb4 53. Rc2 Kf7 54. Bc8 Be7 55. Ra2 Bf8 56. Ra7+ Kg6 57. Bd7 Rb8 58. Be6 1-0